Города Европы, в которых есть метро - Statistics

General Stats
  • This quiz has been taken 193 times
  • The average score is 33 of 58
Answer Stats
Hint Answer % Correct
37 Москва
95%
23 Рим
94%
15 Берлин
93%
56 Лондон
93%
9 Париж
91%
42 Мадрид
91%
52 Киев
90%
38 Санкт-Петербург
89%
1 Вена
85%
32 Осло
85%
33 Варшава
85%
49 Стокгольм
85%
6 Прага
83%
8 Хельсинки
83%
2 Минск
81%
24 Милан
81%
43 Барселона
81%
22 Будапешт
79%
20 Афины
77%
34 Лиссабон
77%
36 Бухарест
77%
16 Мюнхен
76%
5 София
75%
54 Харьков
75%
7 Копенгаген
74%
30 Амстердам
71%
51 Стамбул
69%
3 Брюссель
67%
12 Марсель
67%
39 Казань
64%
53 Днепр
64%
17 Гамбург
60%
26 Неаполь
57%
40 Нижний Новгород
56%
10 Лион
55%
41 Самара
54%
18 Франкфурт
48%
25 Турин
48%
46 Валенсия
46%
31 Роттердам
39%
47 Севилья
39%
35 Порту
38%
57 Глазго
37%
44 Бильбао
28%
27 Генуя
24%
11 Лилль
23%
14 Тулуза
22%
19 Нюрнберг
21%
21 Салоники
21%
45 Малага
19%
55 Кривой Рог
15%
58 Ньюкасл-Сандерленд
13%
13 Ренн
11%
50 Лозанна
11%
29 Катания
9%
48 Пальма де Майорка
7%
28 Брешия
4%
4 Шарлеруа
3%
No matching quizzes found
Score Distribution
Percent of People with Each Score
Percentile by Number Answered
Your Score History
You have not taken this quiz